Statistics for Best Results against teams since Alex Ferguson left

Click here to take the quiz!

General Stats

  • This quiz has been taken 36 times
    (25 since last reset)
  • The average score is 16 of 21

Answer Stats

ClubPWDLGFGAGD% Correct
Manchester City2163122036-16
100%
Arsenal1986527252
95%
Chelsea20510621201
95%
Tottenham Hotspur19113527207
95%
West Ham221354321814
95%
Liverpool238782233-11
90%
Aston Villa151032291415
86%
Newcastle United161043321418
86%
Everton21106531247
81%
Brighton & Hove Albion1280422148
76%
Burnley14851221012
76%
Crystal Palace17133229920
76%
Leicester City1675431247
76%
Southampton20992362016
76%
Norwich City970121516
67%
Watford14101323149
62%
Bournemouth10712211011
57%
Sunderland106131798
57%
Stoke City1154119118
38%
Swansea12714231211
38%
Hull City85211358
29%

Score Distribution

Percentile by Number Answered

Percent of People with Each Score

Your Score History

You have not taken this quiz since the last reset